Rhondda Cynon Taff BC v Watkins (Record no. 72186)
[ view plain ]
| 000 -LEADER | |
|---|---|
| fixed length control field | 01989cam a2200253 4500 |
| 001 - CONTROL NUMBER | |
| control field | ABS66419 |
| 008 - FIXED-LENGTH DATA ELEMENTS--GENERAL INFORMATION | |
| fixed length control field | 030228n2003 000 0 eng u |
| 035 ## - SYSTEM CONTROL NUMBER | |
| System control number | (Sirsi) u121468 |
| 245 ## - TITLE STATEMENT | |
| Title | Rhondda Cynon Taff BC v Watkins |
| 260 ## - PUBLICATION, DISTRIBUTION, ETC. | |
| Date of publication, distribution, etc. | 2003 |
| 490 ## - SERIES STATEMENT | |
| Series statement | Estates Gazette Case Summaries |
| Volume/sequential designation | [2003] EG 130 (CS) (1) |
| 490 ## - SERIES STATEMENT | |
| Series statement | Rating and Valuation Reporter |
| Volume/sequential designation | [2003] RVR 224-232(9) |
| 520 ## - SUMMARY, ETC. | |
| Summary, etc. | [2003] EWCA Civ 129, 12 February 2003. The respondent council's predecessors made a compulsory purchase order for the appellant's (W) land to provide a public open space. The compulsory purchase was governed by the Acquisition of Land (Authorisation Procedure) Act 1946 which incorporated provisions of the Lands Clauses Consolidation Act 1845. The council entered into possession in 1966 but W reoccupied the land shortly afterwards. The Lands Clauses Consolidation Act 1845 ss76-77entitled the council to pay compensation money into court and execute a deed poll vesting the land in themselves. In 2000 the respondent council (R) brought possession proceedings. W maintained R's claim to the land was time barred under the Limitation Act 1980 s15 because W had more than 12 year's adverse possession. W also claimed that the deed poll was invalid as the land was never used for a public space. Judgment for R. W appealed. "Held": appeal allowed in part. W's argument disputing the validity of the deed should have been allowed as this may have prevented R from succeeding on the limitation point. View judgment at www.courtservice.gov.uk. |
| 590 ## - LOCAL NOTE (RLIN) | |
| Local note | ABS |
| 650 ## - SUBJECT ADDED ENTRY--TOPICAL TERM | |
| Topical term or geographic name entry element | RHONDDA CYNON TAFF BC V WATKINS |
| 650 ## - SUBJECT ADDED ENTRY--TOPICAL TERM | |
| Topical term or geographic name entry element | COMPULSORY PURCHASE ORDERS |
| 650 ## - SUBJECT ADDED ENTRY--TOPICAL TERM | |
| Topical term or geographic name entry element | LIMITATION ACT 1980 |
| 650 ## - SUBJECT ADDED ENTRY--TOPICAL TERM | |
| Topical term or geographic name entry element | DEED POLL |
| 650 ## - SUBJECT ADDED ENTRY--TOPICAL TERM | |
| Topical term or geographic name entry element | ADVERSE POSSESSION |
| 650 ## - SUBJECT ADDED ENTRY--TOPICAL TERM | |
| Topical term or geographic name entry element | LAND CLAUSES CONSOLIDATION ACT 1845 |
| 650 ## - SUBJECT ADDED ENTRY--TOPICAL TERM | |
| Topical term or geographic name entry element | ACQUISITION OF LAND (AUTHORISATION PROCEDURE) ACT 1946 |
| 690 ## - LOCAL SUBJECT ADDED ENTRY--TOPICAL TERM (OCLC, RLIN) | |
| Topical term or geographic name as entry element | ENVIRONMENTAL AND LAND CONSULTANCY-PLANNING AND DEVELOPMENT-COMPULSORY PURCHASE AND COMPENSATION |
| 942 ## - ADDED ENTRY ELEMENTS (KOHA) | |
| Suppress in OPAC | 0 |
| Withdrawn status | Lost status | Source of classification or shelving scheme | Damaged status | Not for loan | Home library | Current library | Shelving location | Date acquired | Total Checkouts | Full call number | Barcode | Date last seen | Copy number | Price effective from | Koha item type |
|---|---|---|---|---|---|---|---|---|---|---|---|---|---|---|---|
| Dewey Decimal Classification | London | London | Journal article | 28/02/2003 | ABS66419 | 121468-1001 | 06/08/2019 | 1 | 06/08/2019 | Law report |